002030000a2200061000450024500800000030000460008077300150012610aCONELA : Informe de la consulta teológica sobre la responsabilidad social aVol 5, Núm 10 (1983), Páginas 119-1220 tPastoralia